Essays on the welferestate (Record no. 221429)

MARC details
000 -LEADER
fixed length control field 00391nam a2200157Ia 4500
008 - FIXED-LENGTH DATA ELEMENTS--GENERAL INFORMATION
fixed length control field 230917s9999||||xx |||||||||||||| ||und||
040 ## - CATALOGING SOURCE
-- 144893
Original cataloging agency VIVEKANANDA LIBRARY
041 ## - Language
-- English
082 ## - DDC NUMBER
Classification number 361.6 T538E
100 ## - MAIN ENTRY--PERSONAL NAME
Personal name Titmuss, Richard M
245 #0 - TITLE STATEMENT
Title Essays on the welferestate
250 ## - EDITION STATEMENT
Edition statement 3rd. ed.
260 ## - PUBLICATION, DISTRIBUTION, ETC. (IMPRINT)
Place of publication, distribution, etc London
Name of publisher, distributor, etc George allen and unwin
Date of publication, distribution, etc 1958
300 ## - PHYSICAL DESCRIPTION
Pages 261p. p.
942 ## - ADDED ENTRY ELEMENTS (KOHA)
Koha item type Books
Holdings
Withdrawn status Lost status Damaged status Not for loan Location (home branch) Sublocation or collection (holding branch) Date acquired Koha issues (times borrowed) Koha full call number Accession No. Koha date last seen Koha item type
        VIVEKANANDA LIBRARY VIVEKANANDA LIBRARY 12/03/2010   361.6 T538E 87229 17/09/2023 Books
© Designed and Maintained by Vivekananda Library, MDU Rohtak